000
00290nam a22001217a 4500
020
_a
0-408-03561-7
082
_a
670.42 LOT'M
100
_a
LOTTER, BRUNO
_9
67207
245
_a
MANUFACTURING ASSEMBLY HANDBOOK
260
_a
LONDON
_b
BUTTERWORTH
_c
1989
300
_a
XVIII, 395P
942
_c
BK
999
_c
575038
_d
575038